000 00708nam a2200193 i 4500
001 155885
003 ES-MaACL
005 20250715031649.0
008 931025q18591880sp of |||| | spa d
245 0 0 _aIglesias parroquiales de Segovia.
260 _a[Madrid :
_bJosé Gil Dorregaray,
_cs.a.] (
_fImp. de Fortanet y Calcografia nacional)
300 _a4 p, 14 h. de lám. t [15] h. de lám. :
_bil. ;
_c70 cm.
490 1 _aMonumentos Arquitectónicos de España
650 4 _aIglesias-
_zSegovia.
_9150897
830 0 0 _aMonumentos arquitectónicos de España
_9187641
852 _aES-MaACL
_jB-6982(7)
_z-- Enc. tela
_q-- Falto de la port.
999 _c155885
_d155885